Statistics for Essential Elements for Plant Growth (with symbols)

Click here to take the quiz!

General Stats

  • This quiz has been taken 11 times
  • The average score is 11 of 14

Answer Stats

HintAnswer% Correct
NNitrogen
100%
CaCalcium
88%
MgMagnesium
88%
KPotassium
88%
BBoron
75%
ClChlorine
75%
CuCopper
75%
FeIron
75%
MnManganese
75%
NiNickel
75%
PPhosphorus
75%
SSulfur
75%
ZnZinc
75%
MoMolybdenum
63%

Score Distribution

Percentile by Number Answered

Percent of People with Each Score

Your Score History

You have not taken this quiz